000 00393nam a2200145Ia 4500
008 230312s9999||||xx |||||||||||||| ||und||
020 _a9781337406123
082 _a378.198
_bSTA-F
100 _aDuquenoy,Penny
245 0 _aEthical, legal and professional issues in computing
260 _bCengage
_aUSA
_c2019
300 _a359
650 _aComputer
_vCollèges communautaires
942 _cBK
999 _c17786
_d17786